[Event "Baku Chess Olympiad | Open"]
[Site "chess24.com"]
[Date "2016.09.12"]
[Round "10"]
[White "Min, Po-Yen"]
[Black "Bhandari, Kshitiz"]
[Result "1/2-1/2"]
[Board "4"]
[WhiteID "16300203"]
[WhiteElo "1842"]
[WhiteCountry "TPE"]
[WhiteFideId "16300203"]
[WhiteEloChange "5"]
[BlackID "12310654"]
[BlackElo "2013"]
[BlackCountry "NEP"]
[BlackFideId "12310654"]
[BlackEloChange "-5"]

1. d4 {[%clk 1:30:57]} Nf6 {[%clk 1:30:56]} 2. c4 {[%clk 1:31:18]} g6 {[%clk
1:30:32]} 3. Nc3 {[%clk 1:31:36]} Bg7 {[%clk 1:30:45]} 4. e4 {[%clk 1:31:51]} d6
{[%clk 1:31:12]} 5. Nf3 {[%clk 1:32:15]} O-O {[%clk 1:31:28]} 6. Be2 {[%clk
1:32:35]} e5 {[%clk 1:31:39]} 7. O-O {[%clk 1:31:28]} Nc6 {[%clk 1:31:53]} 8. d5
{[%clk 1:31:42]} Ne7 {[%clk 1:32:15]} 9. b4 {[%clk 1:32:05]} a5 {[%clk 1:32:26]}
10. bxa5 {[%clk 1:31:28]} Rxa5 {[%clk 1:31:58]} 11. Nd2 {[%clk 1:29:39]} Ra8
{[%clk 1:26:17]} 12. a4 {[%clk 1:25:17]} Nd7 {[%clk 1:24:42]} 13. Ba3 {[%clk
1:17:03]} b6 {[%clk 1:24:15]} 14. Bb4 {[%clk 1:14:37]} f5 {[%clk 1:18:36]} 15. a5
{[%clk 1:05:31]} Bh6 {[%clk 0:57:14]} 16. Nb3 {[%clk 0:45:17]} Nc5 {[%clk
0:55:06]} 17. Bxc5 {[%clk 0:39:11]} bxc5 {[%clk 0:55:21]} 18. Qc2 {[%clk
0:31:06]} f4 {[%clk 0:40:10]} 19. Qd1 {[%clk 0:23:03]} Kh8 {[%clk 0:37:09]} 20.
Bg4 {[%clk 0:21:37]} Ng8 {[%clk 0:32:19]} 21. Bxc8 {[%clk 0:20:40]} Qxc8 {[%clk
0:32:48]} 22. f3 {[%clk 0:17:32]} Nf6 {[%clk 0:30:05]} 23. Nd2 {[%clk 0:17:08]}
g5 {[%clk 0:30:01]} 24. h3 {[%clk 0:12:40]} Rg8 {[%clk 0:30:21]} 25. Kf2 {[%clk
0:09:44]} Bf8 {[%clk 0:29:45]} 26. Qa4 {[%clk 0:09:34]} h5 {[%clk 0:30:06]} 27.
a6 {[%clk 0:08:36]} Nd7 {[%clk 0:29:49]} 28. Qc6 {[%clk 0:07:42]} Nb6 {[%clk
0:28:50]} 29. a7 {[%clk 0:06:56]} Rg7 {[%clk 0:29:00]} 30. Rfb1 {[%clk 0:06:18]}
Qd8 {[%clk 0:28:08]} 31. Nb5 {[%clk 0:02:12]} Kg8 {[%clk 0:26:14]} 32. Nxc7
{[%clk 0:01:21]} Qxc7 {[%clk 0:26:10]} 33. Qxc7 {[%clk 0:00:57]} Rxc7 {[%clk
0:26:37]} 34. Rxb6 {[%clk 0:01:21]} Rcxa7 {[%clk 0:26:55]} 35. Rxa7 {[%clk
0:01:20]} Rxa7 {[%clk 0:27:23]} 36. Rb2 {[%clk 0:00:54]} Be7 {[%clk 0:27:37]} 37.
Ke2 {[%clk 0:00:50]} Kf7 {[%clk 0:27:42]} 38. Nb1 {[%clk 0:00:53]} Kg6 {[%clk
0:25:38]} 39. Nc3 {[%clk 0:00:58]} g4 {[%clk 0:25:56]} 40. hxg4 {[%clk 0:31:04]}
hxg4 {[%clk 0:56:25]} 41. Ra2 {[%clk 0:29:59]} gxf3+ {[%clk 0:48:25]} 42. gxf3
{[%clk 0:30:04]} Rd7 {[%clk 0:48:10]} 43. Nb5 {[%clk 0:30:06]} Rd8 {[%clk
0:47:31]} 44. Ra6 {[%clk 0:30:13]} Kg5 {[%clk 0:47:34]} 45. Ra7 {[%clk 0:29:13]}
Kf6 {[%clk 0:47:15]} 46. Ra6 {[%clk 0:29:31]} Kg5 {[%clk 0:47:12]} 47. Ra7 {[%clk
0:29:55]} Kf6 {[%clk 0:47:30]} 48. Ra6 {[%clk 0:30:20]} 1/2-1/2

[Event "Baku Chess Olympiad | Open"]
[Site "chess24.com"]
[Date "2016.09.12"]
[Round "10"]
[White "Mansour, Sameer"]
[Black "Wiedenkeller, Michael"]
[Result "0-1"]
[Board "1"]
[WhiteID "8100144"]
[WhiteElo "2245"]
[WhiteTitle "FM"]
[WhiteCountry "JOR"]
[WhiteFideId "8100144"]
[WhiteEloChange "-5"]
[BlackID "1700146"]
[BlackElo "2458"]
[BlackTitle "IM"]
[BlackCountry "LUX"]
[BlackFideId "1700146"]
[BlackEloChange "2"]

1. Nf3 {[%clk 1:30:48]} Nf6 {[%clk 1:30:13]} 2. g3 {[%clk 1:30:49]} d5 {[%clk
1:28:51]} 3. c4 {[%clk 1:30:51]} e6 {[%clk 1:29:00]} 4. Bg2 {[%clk 1:30:42]} dxc4
{[%clk 1:29:17]} 5. Qc2 {[%clk 1:29:56]} Nbd7 {[%clk 1:27:43]} 6. Na3 {[%clk
1:29:18]} Bxa3 {[%clk 1:22:41]} 7. bxa3 {[%clk 1:29:44]} Rb8 {[%clk 1:00:05]} 8.
Qxc4 {[%clk 1:24:27]} b5 {[%clk 0:59:31]} 9. Qc3 {[%clk 1:21:36]} Bb7 {[%clk
0:55:53]} 10. Bb2 {[%clk 1:21:24]} O-O {[%clk 0:50:31]} 11. O-O {[%clk 1:21:28]}
c5 {[%clk 0:45:46]} 12. d3 {[%clk 1:12:56]} a5 {[%clk 0:43:24]} 13. Rfc1 {[%clk
1:10:04]} Rc8 {[%clk 0:38:25]} 14. Qd2 {[%clk 1:06:32]} h6 {[%clk 0:36:27]} 15.
Bc3 {[%clk 1:02:49]} b4 {[%clk 0:30:20]} 16. Bb2 {[%clk 1:02:57]} Nb6 {[%clk
0:28:13]} 17. axb4 {[%clk 0:57:24]} axb4 {[%clk 0:27:10]} 18. a3 {[%clk 0:48:19]}
b3 {[%clk 0:26:32]} 19. Qc3 {[%clk 0:40:57]} Bd5 {[%clk 0:25:11]} 20. a4 {[%clk
0:39:59]} c4 {[%clk 0:19:42]} 21. Qb4 {[%clk 0:33:04]} Bxf3 {[%clk 0:15:32]} 22.
Bxf3 {[%clk 0:33:21]} Nfd5 {[%clk 0:15:19]} 23. Qd2 {[%clk 0:32:44]} c3 {[%clk
0:12:20]} 24. Bxc3 {[%clk 0:27:27]} Nxc3 {[%clk 0:12:13]} 25. Rxc3 {[%clk
0:27:50]} Qd4 {[%clk 0:12:20]} 26. Rac1 {[%clk 0:22:44]} b2 {[%clk 0:05:26]} 27.
Rxc8 {[%clk 0:22:30]} Rxc8 {[%clk 0:05:47]} 28. Rb1 {[%clk 0:22:41]} Nxa4 {[%clk
0:05:41]} 29. Kg2 {[%clk 0:19:34]} Qc3 {[%clk 0:05:28]} 30. Qf4 {[%clk 0:17:06]}
Qb3 {[%clk 0:04:51]} 31. d4 {[%clk 0:11:46]} Nc3 {[%clk 0:04:37]} 32. Be4 {[%clk
0:11:54]} Nxb1 {[%clk 0:04:19]} 33. Bxb1 {[%clk 0:12:13]} Qd5+ {[%clk 0:04:25]}
34. f3 {[%clk 0:11:17]} Rd8 {[%clk 0:03:52]} 35. e3 {[%clk 0:11:24]} Qa5 {[%clk
0:03:02]} 36. Qe4 {[%clk 0:11:19]} g6 {[%clk 0:02:45]} 37. Qc2 {[%clk 0:11:42]}
Rb8 {[%clk 0:02:37]} 38. h4 {[%clk 0:12:09]} h5 {[%clk 0:02:28]} 39. g4 {[%clk
0:12:20]} Kg7 {[%clk 0:02:05]} 40. g5 {[%clk 0:42:24]} Kg8 {[%clk 0:31:13]} 41.
e4 {[%clk 0:36:37]} Qb4 {[%clk 0:31:05]} 42. d5 {[%clk 0:33:10]} exd5 {[%clk
0:31:19]} 43. exd5 {[%clk 0:33:31]} Qxh4 {[%clk 0:30:59]} 44. Qd2 {[%clk
0:33:59]} Qb4 {[%clk 0:31:01]} 45. Qc2 {[%clk 0:30:35]} Qf4 {[%clk 0:31:03]} 0-1

[Event "Baku Chess Olympiad | Open"]
[Site "chess24.com"]
[Date "2016.09.12"]
[Round "10"]
[White "Berend, Fred"]
[Black "Ahmad, Al Khatib"]
[Result "1/2-1/2"]
[Board "2"]
[WhiteID "4000102"]
[WhiteElo "2328"]
[WhiteTitle "IM"]
[WhiteCountry "LUX"]
[WhiteFideId "4000102"]
[WhiteEloChange "-2"]
[BlackID "8103178"]
[BlackElo "2253"]
[BlackTitle "IM"]
[BlackCountry "JOR"]
[BlackFideId "8103178"]
[BlackEloChange "2"]

1. d4 {[%clk 1:30:58]} Nf6 {[%clk 1:30:59]} 2. c4 {[%clk 1:31:23]} g6 {[%clk
1:31:26]} 3. Nc3 {[%clk 1:31:51]} Bg7 {[%clk 1:31:42]} 4. e4 {[%clk 1:32:16]} d6
{[%clk 1:32:06]} 5. Be2 {[%clk 1:32:42]} O-O {[%clk 1:32:14]} 6. Nf3 {[%clk
1:33:09]} e5 {[%clk 1:32:25]} 7. O-O {[%clk 1:33:28]} Nc6 {[%clk 1:32:49]} 8. d5
{[%clk 1:33:54]} Ne7 {[%clk 1:33:13]} 9. Nd2 {[%clk 1:33:59]} Ne8 {[%clk
1:32:22]} 10. b4 {[%clk 1:33:21]} f5 {[%clk 1:32:28]} 11. c5 {[%clk 1:33:29]} Nf6
{[%clk 1:30:34]} 12. a4 {[%clk 1:27:18]} fxe4 {[%clk 1:01:34]} 13. Ndxe4 {[%clk
1:27:14]} Kh8 {[%clk 1:01:12]} 14. cxd6 {[%clk 1:19:52]} cxd6 {[%clk 1:01:24]}
15. Bg5 {[%clk 1:18:23]} Nxe4 {[%clk 0:52:35]} 16. Nxe4 {[%clk 1:18:41]} h6
{[%clk 0:52:58]} 17. Bh4 {[%clk 1:17:00]} g5 {[%clk 0:46:12]} 18. Bg3 {[%clk
1:14:28]} Bf5 {[%clk 0:44:57]} 19. Nc3 {[%clk 1:06:16]} Rc8 {[%clk 0:34:06]} 20.
Ra3 {[%clk 1:01:54]} Qb6 {[%clk 0:30:57]} 21. Qb3 {[%clk 0:57:03]} Bh7 {[%clk
0:24:01]} 22. a5 {[%clk 0:45:55]} Qd8 {[%clk 0:24:00]} 23. Bg4 {[%clk 0:37:57]}
Nf5 {[%clk 0:23:43]} 24. Qd1 {[%clk 0:30:08]} Rc4 {[%clk 0:21:51]} 25. Be2 {[%clk
0:24:58]} Rxb4 {[%clk 0:18:58]} 26. Qd2 {[%clk 0:24:04]} Nd4 {[%clk 0:13:27]} 27.
Bd3 {[%clk 0:22:03]} Rb3 {[%clk 0:08:36]} 28. Rfa1 {[%clk 0:15:05]} Bxd3 {[%clk
0:04:00]} 29. Qxd3 {[%clk 0:14:59]} Qc7 {[%clk 0:03:00]} 30. Rxb3 {[%clk
0:11:27]} Nxb3 {[%clk 0:01:54]} 31. Nb5 {[%clk 0:10:50]} Nc5 {[%clk 0:01:41]} 32.
Qg6 {[%clk 0:06:03]} Qf7 {[%clk 0:00:46]} 33. Qxd6 {[%clk 0:03:28]} Ne4 {[%clk
0:00:51]} 34. Qe6 {[%clk 0:03:29]} Nxg3 {[%clk 0:01:02]} 35. Qxf7 {[%clk
0:03:50]} Rxf7 {[%clk 0:01:31]} 36. hxg3 {[%clk 0:04:10]} a6 {[%clk 0:01:46]} 37.
Na3 {[%clk 0:03:48]} Bf8 {[%clk 0:01:05]} 38. Nc4 {[%clk 0:02:53]} Bc5 {[%clk
0:01:03]} 39. Ra2 {[%clk 0:02:19]} Rd7 {[%clk 0:00:38]} 40. Nxe5 {[%clk 0:30:40]}
Rxd5 {[%clk 0:30:52]} 41. Ng4 {[%clk 0:30:55]} Kg7 {[%clk 0:13:37]} 42. Rb2
{[%clk 0:29:51]} h5 {[%clk 0:12:43]} 43. Rxb7+ {[%clk 0:18:08]} Kg6 {[%clk
0:12:59]} 44. Ne3 {[%clk 0:17:19]} Bxe3 {[%clk 0:13:16]} 45. fxe3 {[%clk
0:17:45]} Rxa5 {[%clk 0:13:31]} 46. g4 {[%clk 0:16:19]} hxg4 {[%clk 0:12:51]} 47.
Kf2 {[%clk 0:16:35]} Ra3 {[%clk 0:09:43]} 48. Re7 {[%clk 0:15:19]} Kf6 {[%clk
0:08:48]} 49. Re8 {[%clk 0:15:38]} a5 {[%clk 0:08:58]} 50. Rc8 {[%clk 0:11:35]}
Rd3 {[%clk 0:06:30]} 51. Rc5 {[%clk 0:07:46]} a4 {[%clk 0:06:20]} 52. Ra5 {[%clk
0:04:58]} a3 {[%clk 0:05:04]} 53. Kg3 {[%clk 0:03:53]} Rxe3+ {[%clk 0:03:58]} 54.
Kxg4 {[%clk 0:04:21]} Re4+ {[%clk 0:03:03]} 55. Kf3 {[%clk 0:04:37]} Rf4+ {[%clk
0:03:21]} 56. Kg3 {[%clk 0:05:04]} Rb4 {[%clk 0:03:17]} 57. Rxa3 {[%clk 0:05:24]}
Rc4 {[%clk 0:03:23]} 58. Kh3 {[%clk 0:05:44]} Rh4+ {[%clk 0:03:40]} 59. Kg3
{[%clk 0:06:09]} Rc4 {[%clk 0:04:06]} 60. Kf3 {[%clk 0:04:13]} Rf4+ {[%clk
0:04:13]} 61. Ke2 {[%clk 0:04:34]} Re4+ {[%clk 0:04:32]} 62. Kf2 {[%clk 0:04:49]}
Rb4 {[%clk 0:04:21]} 63. Kg1 {[%clk 0:05:05]} Rb1+ {[%clk 0:04:45]} 64. Kh2
{[%clk 0:05:30]} Rb4 {[%clk 0:05:11]} 65. Ra5 {[%clk 0:05:48]} Rb3 {[%clk
0:05:27]} 66. Ra4 {[%clk 0:05:56]} Kf5 {[%clk 0:05:41]} 67. Rc4 {[%clk 0:06:01]}
Ra3 {[%clk 0:05:38]} 68. Rc5+ {[%clk 0:05:58]} Kg4 {[%clk 0:05:59]} 69. Rc2
{[%clk 0:06:05]} Ra4 {[%clk 0:05:52]} 70. Rc3 {[%clk 0:06:26]} Rb4 {[%clk
0:06:09]} 71. Rg3+ {[%clk 0:06:32]} Kf5 {[%clk 0:06:20]} 72. Rf3+ {[%clk
0:06:48]} Rf4 {[%clk 0:06:01]} 73. Kg3 {[%clk 0:06:47]} 1/2-1/2

[Event "Baku Chess Olympiad | Open"]
[Site "chess24.com"]
[Date "2016.09.12"]
[Round "10"]
[White "Mohannad, Farhan"]
[Black "Linster, Philippe"]
[Result "1-0"]
[Board "3"]
[WhiteID "8100918"]
[WhiteElo "2294"]
[WhiteTitle "FM"]
[WhiteCountry "JOR"]
[WhiteFideId "8100918"]
[WhiteEloChange "8"]
[BlackID "4001206"]
[BlackElo "2233"]
[BlackCountry "LUX"]
[BlackFideId "4001206"]
[BlackEloChange "-8"]

1. d4 {[%clk 1:30:45]} Nf6 {[%clk 1:30:55]} 2. c4 {[%clk 1:31:07]} e6 {[%clk
1:31:20]} 3. Nf3 {[%clk 1:31:31]} b6 {[%clk 1:31:47]} 4. g3 {[%clk 1:31:53]} Bb4+
{[%clk 1:32:11]} 5. Bd2 {[%clk 1:32:13]} Be7 {[%clk 1:32:35]} 6. Nc3 {[%clk
1:32:20]} Bb7 {[%clk 1:33:00]} 7. Bg2 {[%clk 1:32:28]} O-O {[%clk 1:33:08]} 8.
O-O {[%clk 1:32:47]} c6 {[%clk 1:33:33]} 9. Rc1 {[%clk 1:32:26]} d5 {[%clk
1:33:57]} 10. Bf4 {[%clk 1:32:24]} dxc4 {[%clk 1:34:10]} 11. Ne5 {[%clk 1:30:35]}
Nd5 {[%clk 1:34:30]} 12. Nxc4 {[%clk 1:30:39]} Nxf4 {[%clk 1:34:46]} 13. gxf4
{[%clk 1:31:05]} Nd7 {[%clk 1:29:39]} 14. e3 {[%clk 1:19:38]} Qc7 {[%clk
1:27:39]} 15. Qf3 {[%clk 1:10:50]} Rac8 {[%clk 1:21:53]} 16. Rfd1 {[%clk
1:10:04]} Rfd8 {[%clk 1:21:07]} 17. Qh3 {[%clk 1:07:04]} h6 {[%clk 1:01:07]} 18.
Qg3 {[%clk 0:59:02]} Qb8 {[%clk 0:54:15]} 19. a4 {[%clk 0:55:20]} Nf6 {[%clk
0:41:17]} 20. Qf3 {[%clk 0:48:14]} Rc7 {[%clk 0:34:42]} 21. Qh3 {[%clk 0:39:21]}
c5 {[%clk 0:26:46]} 22. Nb5 {[%clk 0:39:23]} Rcc8 {[%clk 0:26:59]} 23. dxc5
{[%clk 0:32:38]} Bxc5 {[%clk 0:23:26]} 24. Ne5 {[%clk 0:28:58]} a6 {[%clk
0:20:17]} 25. Nc3 {[%clk 0:29:19]} Bb4 {[%clk 0:17:25]} 26. Ne2 {[%clk 0:23:42]}
Rxc1 {[%clk 0:12:36]} 27. Rxc1 {[%clk 0:24:05]} Bc5 {[%clk 0:12:37]} 28. Bf3
{[%clk 0:18:59]} a5 {[%clk 0:10:18]} 29. Nc3 {[%clk 0:17:54]} Nd7 {[%clk
0:08:10]} 30. Nc4 {[%clk 0:15:10]} Ba6 {[%clk 0:07:20]} 31. Nb5 {[%clk 0:14:49]}
Be7 {[%clk 0:06:56]} 32. Nd4 {[%clk 0:10:52]} Qc7 {[%clk 0:05:54]} 33. Nxe6
{[%clk 0:07:49]} fxe6 {[%clk 0:05:25]} 34. Qxe6+ {[%clk 0:08:14]} Kh8 {[%clk
0:04:17]} 35. Qxe7 {[%clk 0:08:35]} Rc8 {[%clk 0:03:23]} 36. b3 {[%clk 0:08:14]}
Bxc4 {[%clk 0:03:26]} 37. Rxc4 {[%clk 0:08:08]} Nc5 {[%clk 0:03:52]} 38. Qxc7
{[%clk 0:07:47]} Rxc7 {[%clk 0:04:21]} 39. Bd5 {[%clk 0:06:08]} Rd7 {[%clk
0:03:54]} 40. Rd4 {[%clk 0:36:31]} g6 {[%clk 0:32:53]} 41. Kf1 {[%clk 0:33:31]}
Kg7 {[%clk 0:32:14]} 42. Ke2 {[%clk 0:33:54]} Kf6 {[%clk 0:32:36]} 43. Rd1 {[%clk
0:34:01]} g5 {[%clk 0:29:49]} 44. fxg5+ {[%clk 0:32:19]} hxg5 {[%clk 0:30:18]}
45. Bc4 {[%clk 0:31:30]} Rxd1 {[%clk 0:26:27]} 46. Kxd1 {[%clk 0:31:56]} g4
{[%clk 0:25:48]} 47. Ke2 {[%clk 0:31:25]} Kf5 {[%clk 0:24:19]} 48. f3 {[%clk
0:30:53]} Kg5 {[%clk 0:22:29]} 49. Kf2 {[%clk 0:29:45]} Kh4 {[%clk 0:22:19]} 50.
fxg4 {[%clk 0:28:48]} Kxg4 {[%clk 0:22:46]} 51. Kg2 {[%clk 0:29:00]} Nb7 {[%clk
0:18:43]} 52. Be6+ {[%clk 0:29:02]} Kg5 {[%clk 0:19:00]} 53. Kg3 {[%clk 0:27:56]}
Nd6 {[%clk 0:19:19]} 54. Kf3 {[%clk 0:27:03]} Kf6 {[%clk 0:19:21]} 55. Bc4 {[%clk
0:26:39]} Ke5 {[%clk 0:19:30]} 56. h3 {[%clk 0:25:44]} Nf5 {[%clk 0:19:30]} 57.
Bd3 {[%clk 0:25:36]} Ne7 {[%clk 0:17:00]} 58. h4 {[%clk 0:25:46]} Nd5 {[%clk
0:17:25]} 59. h5 {[%clk 0:25:40]} 1-0

[Event "Baku Chess Olympiad | Open"]
[Site "chess24.com"]
[Date "2016.09.12"]
[Round "10"]
[White "Mertens, Marc"]
[Black "Khader, Sami"]
[Result "0-1"]
[Board "4"]
[WhiteID "4000501"]
[WhiteElo "2181"]
[WhiteCountry "LUX"]
[WhiteFideId "4000501"]
[WhiteEloChange "-5"]
[BlackID "8100500"]
[BlackElo "2373"]
[BlackTitle "IM"]
[BlackCountry "JOR"]
[BlackFideId "8100500"]
[BlackEloChange "5"]

1. e4 {[%clk 1:30:57]} g6 {[%clk 1:30:53]} 2. d4 {[%clk 1:31:19]} Bg7 {[%clk
1:31:19]} 3. Nc3 {[%clk 1:31:16]} d6 {[%clk 1:31:43]} 4. Be3 {[%clk 1:31:30]} a6
{[%clk 1:32:07]} 5. Nf3 {[%clk 1:28:12]} b5 {[%clk 1:32:26]} 6. Bd3 {[%clk
1:22:45]} Bb7 {[%clk 1:32:35]} 7. Qd2 {[%clk 1:15:50]} Nd7 {[%clk 1:32:42]} 8.
O-O {[%clk 1:08:24]} c5 {[%clk 1:28:59]} 9. Rfe1 {[%clk 0:59:27]} e6 {[%clk
1:12:26]} 10. d5 {[%clk 0:46:17]} e5 {[%clk 1:09:48]} 11. Nd1 {[%clk 0:39:04]}
Ngf6 {[%clk 1:06:45]} 12. c4 {[%clk 0:38:03]} bxc4 {[%clk 0:59:05]} 13. Bc2
{[%clk 0:38:28]} O-O {[%clk 0:58:28]} 14. Qc3 {[%clk 0:36:53]} Nxd5 {[%clk
0:57:24]} 15. exd5 {[%clk 0:37:14]} e4 {[%clk 0:57:53]} 16. Qxc4 {[%clk 0:36:58]}
exf3 {[%clk 0:58:11]} 17. Be4 {[%clk 0:36:33]} Ne5 {[%clk 0:54:55]} 18. Qc2
{[%clk 0:36:57]} f5 {[%clk 0:54:29]} 19. Bxf3 {[%clk 0:35:06]} Nxf3+ {[%clk
0:54:41]} 20. gxf3 {[%clk 0:35:35]} f4 {[%clk 0:55:02]} 21. Bd2 {[%clk 0:35:37]}
Qg5+ {[%clk 0:55:09]} 22. Kh1 {[%clk 0:35:00]} Bxd5 {[%clk 0:54:21]} 23. Qd3
{[%clk 0:35:09]} c4 {[%clk 0:54:27]} 0-1

[Event "Baku Chess Olympiad | Open"]
[Site "chess24.com"]
[Date "2016.09.12"]
[Round "10"]
[White "Weerawardane, Romesh"]
[Black "Tissir, Mohamed"]
[Result "*"]
[Board "1"]
[WhiteID "9900373"]
[WhiteElo "2120"]
[WhiteTitle "IM"]
[WhiteCountry "SRI"]
[WhiteFideId "9900373"]
[BlackID "9000240"]
[BlackElo "2388"]
[BlackTitle "IM"]
[BlackCountry "MAR"]
[BlackFideId "9000240"]

1. d4 {[%clk 1:30:47]} Nf6 {[%clk 1:30:55]} 2. c4 {[%clk 1:31:03]} g6 {[%clk
1:31:14]} 3. Nc3 {[%clk 1:31:12]} Bg7 {[%clk 1:31:42]} 4. e4 {[%clk 1:31:28]} d6
{[%clk 1:32:03]} 5. Nf3 {[%clk 1:31:51]} O-O {[%clk 1:32:24]} 6. Be2 {[%clk
1:32:18]} e5 {[%clk 1:32:48]} 7. O-O {[%clk 1:32:40]} Nc6 {[%clk 1:33:15]} 8. d5
{[%clk 1:33:03]} Ne7 {[%clk 1:33:42]} 9. Ne1 {[%clk 1:32:43]} Ne8 {[%clk
1:29:05]} 10. Nd3 {[%clk 1:28:42]} c6 {[%clk 1:23:16]} 11. Be3 {[%clk 1:26:25]}
cxd5 {[%clk 1:21:32]} 12. cxd5 {[%clk 1:26:46]} f5 {[%clk 1:21:56]} 13. f3 {[%clk
1:27:10]} f4 {[%clk 1:17:57]} 14. Bf2 {[%clk 1:27:30]} g5 {[%clk 1:18:25]} 15.
Rc1 {[%clk 1:25:01]} Ng6 {[%clk 1:15:12]} 16. a4 {[%clk 1:23:18]} h5 {[%clk
1:08:01]} 17. Kh1 {[%clk 1:22:16]} Rf7 {[%clk 1:06:39]} 18. Nb5 {[%clk 1:19:50]}
a6 {[%clk 0:59:25]} 19. Na3 {[%clk 1:19:37]} Nf6 {[%clk 0:59:13]} 20. Nc4 {[%clk
1:19:03]} Bf8 {[%clk 0:39:38]} 21. Nb6 {[%clk 1:16:06]} Rb8 {[%clk 0:40:04]} 22.
Rxc8 {[%clk 1:04:51]} Rxc8 {[%clk 0:40:27]} 23. Nxc8 {[%clk 1:05:18]} Qxc8 {[%clk
0:40:49]} 24. Qb3 {[%clk 1:04:29]} g4 {[%clk 0:36:35]} 25. Rc1 {[%clk 1:01:57]}
Rc7 {[%clk 0:36:15]} 26. Rxc7 {[%clk 0:58:51]} Qxc7 {[%clk 0:36:39]} 27. Qc3
{[%clk 0:58:34]} Qd7 {[%clk 0:36:11]} 28. b3 {[%clk 0:50:07]} h4 {[%clk 0:14:23]}
29. Ne1 {[%clk 0:35:17]} g3 {[%clk 0:14:11]} 30. Bb6 {[%clk 0:34:25]} h3 {[%clk
0:14:08]} 31. Bf1 {[%clk 0:24:30]} hxg2+ {[%clk 0:14:16]} 32. Bxg2 {[%clk
0:24:45]} Qh7 {[%clk 0:14:29]} 33. h3 {[%clk 0:22:50]} Nh4 {[%clk 0:09:13]} 34.
Bd8 {[%clk 0:17:42]} Nxe4 {[%clk 0:04:30]} 35. fxe4 {[%clk 0:08:04]} Nxg2 {[%clk
0:04:54]} 36. Kxg2 {[%clk 0:08:09]} Qxe4+ {[%clk 0:05:17]} 37. Qf3 {[%clk
0:03:30]} Qxe1 {[%clk 0:03:05]} 38. Qg4+ {[%clk 0:03:55]} Bg7 {[%clk 0:02:26]}
39. Qe6+ {[%clk 0:04:19]} Kh7 {[%clk 0:02:17]} 40. Qf5+ {[%clk 0:34:32]} *

[Event "Baku Chess Olympiad | Open"]
[Site "chess24.com"]
[Date "2016.09.12"]
[Round "10"]
[White "Aithmidou, Mohamed-Mehdi"]
[Black "Kavinda, Akila"]
[Result "0-1"]
[Board "2"]
[WhiteID "9000720"]
[WhiteElo "2229"]
[WhiteTitle "CM"]
[WhiteCountry "MAR"]
[WhiteFideId "9000720"]
[WhiteEloChange "-15"]
[BlackID "9901302"]
[BlackElo "2020"]
[BlackCountry "SRI"]
[BlackFideId "9901302"]
[BlackEloChange "15"]

1. d4 {[%clk 1:30:49]} d6 {[%clk 1:30:56]} 2. e4 {[%clk 1:31:09]} g6 {[%clk
1:31:23]} 3. Nc3 {[%clk 1:31:16]} Bg7 {[%clk 1:31:49]} 4. Be3 {[%clk 1:31:24]} a6
{[%clk 1:32:13]} 5. h4 {[%clk 1:31:31]} h5 {[%clk 1:31:52]} 6. Nh3 {[%clk
1:29:43]} b5 {[%clk 1:26:01]} 7. Ng5 {[%clk 1:26:24]} Bb7 {[%clk 1:16:55]} 8. Bd3
{[%clk 1:22:08]} e6 {[%clk 1:10:53]} 9. g4 {[%clk 1:10:42]} b4 {[%clk 1:03:55]}
10. gxh5 {[%clk 0:54:08]} bxc3 {[%clk 0:25:14]} 11. hxg6 {[%clk 0:53:59]} Kd7
{[%clk 0:20:21]} 12. gxf7 {[%clk 0:52:31]} Nh6 {[%clk 0:18:28]} 13. bxc3 {[%clk
0:50:22]} Qe7 {[%clk 0:12:52]} 14. Rb1 {[%clk 0:49:26]} Kc8 {[%clk 0:12:31]} 15.
Qf3 {[%clk 0:44:01]} Nd7 {[%clk 0:12:01]} 16. Bc4 {[%clk 0:41:37]} d5 {[%clk
0:06:24]} 17. Rxb7 {[%clk 0:24:47]} Kxb7 {[%clk 0:05:18]} 18. exd5 {[%clk
0:24:43]} Qf6 {[%clk 0:02:37]} 19. Qg2 {[%clk 0:17:02]} e5 {[%clk 0:02:58]} 20.
d6+ {[%clk 0:16:06]} c6 {[%clk 0:03:23]} 21. Ne4 {[%clk 0:15:31]} Qf5 {[%clk
0:02:53]} 22. Kd2 {[%clk 0:14:11]} exd4 {[%clk 0:02:35]} 23. Rb1+ {[%clk
0:14:31]} Ka7 {[%clk 0:00:59]} 24. cxd4 {[%clk 0:14:05]} Ng4 {[%clk 0:00:51]} 25.
Nc5 {[%clk 0:07:29]} Nxc5 {[%clk 0:00:39]} 26. Qxc6 {[%clk 0:07:50]} Rab8 {[%clk
0:00:33]} 27. dxc5 {[%clk 0:03:31]} Rxb1 {[%clk 0:00:36]} 28. Qc7+ {[%clk
0:03:12]} Ka8 {[%clk 0:00:52]} 29. Bd3 {[%clk 0:03:05]} Qf3 {[%clk 0:00:53]} 30.
f8Q+ {[%clk 0:02:44]} Rxf8 {[%clk 0:01:02]} 31. Qxg7 {[%clk 0:03:00]} Nxe3 {[%clk
0:00:31]} 32. fxe3 {[%clk 0:03:15]} Qf2+ {[%clk 0:00:33]} 33. Be2 {[%clk
0:03:19]} Re1 {[%clk 0:00:33]} 34. Qg4 {[%clk 0:03:01]} Rxe2+ {[%clk 0:00:59]}
35. Qxe2 {[%clk 0:03:24]} Qxe2+ {[%clk 0:01:25]} 36. Kxe2 {[%clk 0:03:49]} Kb7
{[%clk 0:01:52]} 37. Kd3 {[%clk 0:03:51]} Kc6 {[%clk 0:01:54]} 38. Kd4 {[%clk
0:04:09]} Rf5 {[%clk 0:01:03]} 39. e4 {[%clk 0:04:37]} Rh5 {[%clk 0:01:17]} 40.
c3 {[%clk 0:34:41]} Rxh4 {[%clk 0:31:42]} 41. Ke5 {[%clk 0:34:40]} Kxc5 {[%clk
0:26:48]} 42. d7 {[%clk 0:25:42]} Rh8 {[%clk 0:27:11]} 43. Ke6 {[%clk 0:25:02]}
Kc6 {[%clk 0:27:31]} 44. Ke7 {[%clk 0:19:52]} Rh7+ {[%clk 0:27:25]} 45. Ke8
{[%clk 0:19:51]} Rxd7 {[%clk 0:27:48]} 46. e5 {[%clk 0:20:14]} Rh7 {[%clk
0:26:03]} 47. c4 {[%clk 0:20:02]} Kc5 {[%clk 0:26:28]} 48. Kd8 {[%clk 0:18:46]}
Rh2 {[%clk 0:24:42]} 49. e6 {[%clk 0:17:38]} Rxa2 {[%clk 0:24:54]} 0-1

[Event "Baku Chess Olympiad | Open"]
[Site "chess24.com"]
[Date "2016.09.12"]
[Round "10"]
[White "Priyankara, Chamil"]
[Black "Becham, Khalid"]
[Result "1-0"]
[Board "3"]
[WhiteID "9901566"]
[WhiteElo "2015"]
[WhiteCountry "SRI"]
[WhiteFideId "9901566"]
[WhiteEloChange "13"]
[BlackID "9000275"]
[BlackElo "2134"]
[BlackCountry "MAR"]
[BlackFideId "9000275"]
[BlackEloChange "-13"]

1. d4 {[%clk 1:30:32]} Nf6 {[%clk 1:30:51]} 2. c4 {[%clk 1:30:56]} e6 {[%clk
1:28:39]} 3. Nf3 {[%clk 1:31:17]} b6 {[%clk 1:27:41]} 4. a3 {[%clk 1:30:28]} Bb7
{[%clk 1:27:08]} 5. Nc3 {[%clk 1:30:41]} Be7 {[%clk 1:26:44]} 6. g3 {[%clk
1:18:03]} Bxf3 {[%clk 1:22:52]} 7. exf3 {[%clk 1:18:20]} d5 {[%clk 1:23:21]} 8.
cxd5 {[%clk 1:14:38]} Nxd5 {[%clk 1:18:13]} 9. Nxd5 {[%clk 1:14:44]} Qxd5 {[%clk
1:18:12]} 10. Be3 {[%clk 1:14:44]} Nc6 {[%clk 1:17:09]} 11. Rc1 {[%clk 1:04:17]}
O-O {[%clk 1:17:23]} 12. Bd3 {[%clk 0:42:06]} f5 {[%clk 1:10:23]} 13. Bc4 {[%clk
0:36:11]} Qd6 {[%clk 0:50:30]} 14. Bf4 {[%clk 0:35:40]} Qxd4 {[%clk 0:43:45]} 15.
Bxe6+ {[%clk 0:36:03]} Kh8 {[%clk 0:44:10]} 16. Rxc6 {[%clk 0:35:41]} Qxb2 {[%clk
0:43:50]} 17. O-O {[%clk 0:30:00]} Qxa3 {[%clk 0:36:19]} 18. Rxc7 {[%clk
0:28:58]} Rad8 {[%clk 0:36:00]} 19. Qa1 {[%clk 0:28:26]} Qxa1 {[%clk 0:20:33]}
20. Rxa1 {[%clk 0:28:48]} Bd6 {[%clk 0:20:55]} 21. Bxd6 {[%clk 0:28:58]} Rxd6
{[%clk 0:21:23]} 22. Raxa7 {[%clk 0:28:32]} 1-0